Исследование олигомеризации фракции жидких продуктов пиролиза под действием хлорэтоксититантрихлорида; Физико-химия полимеров: синтез, свойства и применение; № 19
| Parent link: | Физико-химия полимеров: синтез, свойства и применение.— , 1995- № 19.— 2013.— [С. 350-354] |
|---|---|
| Korporativna značnica: | |
| Drugi avtorji: | , , , |
| Izvleček: | Заглавие с экрана Исследована олигомеризация фракции жидких продуктов пиролиза с повышенным содержанием циклопентадиена с использованием каталитической системы на основе хлорэтоксититантрихлорида и диэтилалюминийхлорида. Получены светлые нефтеполимерные смолы, обладающие улучшенными техническими характеристиками. Режим доступа: по договору с организацией-держателем ресурса |
| Jezik: | ruščina |
| Izdano: |
2013
|
| Teme: | |
| Online dostop: | http://elibrary.ru/item.asp?id=21134696 |
| Format: | Elektronski Book Chapter |
| KOHA link: | https://koha.lib.tpu.ru/cgi-bin/koha/opac-detail.pl?biblionumber=649167 |
MARC
| LEADER | 00000naa0a2200000 4500 | ||
|---|---|---|---|
| 001 | 649167 | ||
| 005 | 20250303092518.0 | ||
| 035 | |a (RuTPU)RU\TPU\network\14328 | ||
| 035 | |a RU\TPU\network\14322 | ||
| 090 | |a 649167 | ||
| 100 | |a 20160623d2013 k||y0rusy50 ca | ||
| 101 | 0 | |a rus | |
| 102 | |a RU | ||
| 135 | |a drcn ---uucaa | ||
| 181 | 0 | |a i | |
| 182 | 0 | |a b | |
| 200 | 1 | |a Исследование олигомеризации фракции жидких продуктов пиролиза под действием хлорэтоксититантрихлорида |f А. А. Мананкова [и др.] | |
| 203 | |a Текст |c электронный | ||
| 300 | |a Заглавие с экрана | ||
| 320 | |a [Библиогр.: с. 354 (7 назв.)] | ||
| 330 | |a Исследована олигомеризация фракции жидких продуктов пиролиза с повышенным содержанием циклопентадиена с использованием каталитической системы на основе хлорэтоксититантрихлорида и диэтилалюминийхлорида. Получены светлые нефтеполимерные смолы, обладающие улучшенными техническими характеристиками. | ||
| 333 | |a Режим доступа: по договору с организацией-держателем ресурса | ||
| 461 | |t Физико-химия полимеров: синтез, свойства и применение |d 1995- | ||
| 463 | |t № 19 |v [С. 350-354] |d 2013 | ||
| 610 | 1 | |a электронный ресурс | |
| 610 | 1 | |a труды учёных ТПУ | |
| 610 | 1 | |a жидкие продукты пиролиза | |
| 610 | 1 | |a олигомеризация | |
| 610 | 1 | |a пиролиз | |
| 610 | 1 | |a хлорэтоксититантрихлорид | |
| 610 | 1 | |a исследование | |
| 701 | 1 | |a Мананкова |b А. А. |c химик-органик |c доцент Томского политехнического университета, кандидат химических наук |f 1980- |g Анна Анатольевна |3 (RuTPU)RU\TPU\pers\24984 |9 11130 | |
| 701 | 1 | |a Бондалетов |b В. Г. |c химик-технолог |c профессор Томского политехнического университета, доктор технических наук |f 1957- |g Владимир Григорьевич |3 (RuTPU)RU\TPU\pers\25605 |9 11534 | |
| 701 | 1 | |a Задорожная |b Е. И. | |
| 701 | 1 | |a Власова |b Н. В. | |
| 712 | 0 | 2 | |a Национальный исследовательский Томский политехнический университет |b Институт природных ресурсов |b Кафедра технологии органических веществ и полимерных материалов |3 (RuTPU)RU\TPU\col\18659 |9 27112 |
| 801 | 2 | |a RU |b 63413507 |c 20160623 |g RCR | |
| 856 | 4 | |u http://elibrary.ru/item.asp?id=21134696 | |
| 942 | |c CF | ||